000
00334 a2200157 4500
001
59357
020
_a
97885160445425
040
_c
Anchieta - Pituba
100
_a
Bandeira, Pedro
240
1
0
_a
A droga do amor
_l
por
245
1
0
_a
A droga do amor
300
_a
174
362
0
_a
2009
650
4
_a
Literatura juvenil
942
_c
BK
999
_c
59357
_d
59357